les 50 meilleurs rebondeurs de l'Histoire de la NBA - Statistiques

Statistiques générales
  • Ce quiz a été pris 194 fois
    19 depuis la dernière actualisation
  • Le résultat moyen est 25 sur 50
Statistiques - réponses
rebonds totaux joueur % Correct
13 748 Hakeem Olajuwon Rockets-Raptors
94%
17 440 Kareem Abdul-Jabbar Bucks-Lakers
94%
14 968 Karl Malone Jazz-Lakers
94%
17 834 Moses Malone Stars-Spirits-Braves-Rockets-76ers-Bullets-Hawks-Bucks-Spurs
94%
23 924 Wilt Chamberlain Warriors-76ers-Lakers
94%
21 620 Bill Russell Celtics
88%
10 497 David Robinson Spurs
88%
11 954 Dennis Rodman Pistons-Spurs-Bulls-Lakers-Mavericks
88%
11 930 LeBron James Cavaliers-Heat-Lakers
88%
11 607 Patrick Ewing Knicks-Sonics-Magic
88%
13 099 Shaquille O'Neal Magic-Lakers-Heat-Suns-Cavaliers-Celtics
88%
15 091 Tim Duncan Spurs
88%
12 359 Dikembe Mutombo Nuggets-Hawks-76ers-Nets-Knick-Rockets
81%
14 627 Dwight Howard Magic-Lakers-Rockets-Hawks-Hornets-Wizards-76ers
81%
10 302 Rudy Gobert Jazz-Timberwolves
81%
10 795 DeAndre Jordan Clippers-Mavericks-Knicks-Nets-Lakers-76ers-Nuggets-Pelicans
75%
14 662 Kevin Garnett Timberwolves-Celtics-Nets
75%
14 715 Robert Parish Warriors-Celtics-Hornets-Bulls
75%
10 482 Ben Wallace Bullets-Magic-Pistons-Bulls-Cavaliers
69%
12 546 Charles Barkley 76ers-Suns-Rockets
69%
11 489 Dirk Nowitzki Mavericks
63%
12 849 Bob Pettit Hawks
56%
10 630 Nikola Vucevic 76ers-Magic-Bulls-Celtics
56%
11 305 Pau Gasol Grizzlies-Lakers-Bulls-Spurs-Bucks
56%
11 325 Andre Drummond Pistons-Cavaliers-Lakers-76ers-Nets-Bulls
50%
16 279 Elvin Hayes Rockets-Wizards
50%
10 467 Tyson Chandler Bulls-Hornets-Bobcats-Mavericks-Knicks-Suns-Lakers-Rockets
50%
12 205 Charles Oakley Bulls-Knicks-Raptors-Wizards-Rockets
44%
13 769 Wes Unseld Bullets
44%
16 330 Artis Gilmore Colonels-Bulls-Spurs-Celtics
38%
11 463 Elgin Baylor Lakers
38%
10 400 Bill Laimbeer Cavaliers-Pistons
31%
9 698 Bob Lanier Pistons-Bucks
31%
10 444 Dave Cowens Celtics-Bucks
31%
10 525 Julius Erving Squires-Nets-76ers
31%
11 133 Dan Issel Colonels-Nuggets
19%
14 464 Nate Thurmond Warriors-Bulls-Cavaliers
19%
10 101 Shawn Marion Suns-Heat-Raptors-Mavericks-Cavaliers
19%
10 208 Zach Randolph Trail Blazers-Knicks-Clippers-Grizzlies-Kings
19%
13 017 Buck Williams Nets-Trail Blazers-Knicks
13%
10 685 Caldwell Jones Conquistadors-Colonels-Spirits-76ers-Rockets-Bulls-Trail Blazers-Spurs
13%
12 942 Jerry Lucas Royals-Warriors-Knicks
13%
11 901 Kevin Willis Hawks-Heat-Warriors-Rockets-Raptors-Nuggets-Spurs-Mavericks
13%
14 241 Walt Bellamy Bullets-Knicks-Pistons-Hawks-Jazz
13%
10 816 Jack Sikma Sonics-Bucks
6%
10 370 Otis Thorpe Kings-Rockets-Trail Blazers-Pistons-Grizzlies-Wizards-Heat-Hornets
6%
11 054 Bill Bridges Hawks-76ers-Lakers-Warriors
0%
11 256 Dolph Shayes Nationals
0%
12 357 Paul Silas Hawks-Suns-Celtics-Nuggets-Sonics
0%
10 092 Red Kerr Nationals-Bullets
0%
Aucun quiz correspondant
Distribution des résultats
% des personnes avec chaque résultat
Percentile par nombre de réponses
Votre historique - résultats
Vous n’avez pas pris ce quiz depuis la dernière actualisation